Plant biochemistry (Record no. 42629)

MARC details
000 -LEADER
fixed length control field 00350nam a2200145Ia 4500
020 ## - INTERNATIONAL STANDARD BOOK NUMBER
ISBN 8131200032
082 ## - DEWEY DECIMAL CLASSIFICATION NUMBER
Classification number 581.192
Item number HEL
100 ## - MAIN ENTRY--AUTHOR NAME
Personal name Heldt, Hans-Walter
245 #0 - TITLE STATEMENT
Title Plant biochemistry
250 ## - EDITION STATEMENT
Edition statement Ed.3
260 ## - PUBLICATION, DISTRIBUTION, ETC. (IMPRINT)
Place of publication Delhi
Name of publisher Elsevier India
Year of publication 2005
650 ## - SUBJECT ADDED ENTRY--TOPICAL TERM
Topical Term Gene technology
942 ## - ADDED ENTRY ELEMENTS (KOHA)
Koha item type Books
Holdings
Withdrawn status Lost status Damaged status Not for loan Home library Current library Date acquired Cost, normal purchase price Full call number Accession Number Koha item type
        RRII Library RRII Library 16/12/2021 495.00 581.192 HEL 22898 Books